<?xml version="1.0" encoding="UTF-8"?>
<record
    xmlns:xsi="http://www.w3.org/2001/XMLSchema-instance"
    xsi:schemaLocation="http://www.loc.gov/MARC21/slim http://www.loc.gov/standards/marcxml/schema/MARC21slim.xsd"
    xmlns="http://www.loc.gov/MARC21/slim">

  <leader>00998 am a2200337 a 4500</leader>
  <controlfield tag="005">20240517115502.0</controlfield>
  <controlfield tag="008">100323s1988||||ag a   f |||| 000 0 spa d</controlfield>
  <datafield tag="020" ind1=" " ind2=" ">
    <subfield code="a">S/N</subfield>
  </datafield>
  <datafield tag="041" ind1=" " ind2=" ">
    <subfield code="a">spa</subfield>
  </datafield>
  <datafield tag="092" ind1=" " ind2=" ">
    <subfield code="c">612.3</subfield>
    <subfield code="l">25</subfield>
    <subfield code="s">FIS</subfield>
  </datafield>
  <datafield tag="245" ind1=" " ind2=" ">
    <subfield code="a">Fisiolog&#xED;a digestiva /  </subfield>
    <subfield code="c">Pablo Scacchi.</subfield>
  </datafield>
  <datafield tag="250" ind1=" " ind2=" ">
    <subfield code="a">1a ed. </subfield>
  </datafield>
  <datafield tag="260" ind1=" " ind2=" ">
    <subfield code="a">Buenos Aires: </subfield>
    <subfield code="b">S/N;</subfield>
    <subfield code="c">[1990?]</subfield>
  </datafield>
  <datafield tag="300" ind1=" " ind2=" ">
    <subfield code="a">229 p.</subfield>
    <subfield code="b">il.</subfield>
  </datafield>
  <datafield tag="500" ind1=" " ind2=" ">
    <subfield code="a">Scacchi, P. et al. (1990). Fisiolog&#xED;a Digestiva. (1a ed.). Buenos Aires : S/N.</subfield>
  </datafield>
  <datafield tag="590" ind1=" " ind2=" ">
    <subfield code="a">Donaci&#xF3;n Cecilia Fontana, 2007</subfield>
  </datafield>
  <datafield tag="653" ind1=" " ind2=" ">
    <subfield code="a">Motilidad</subfield>
  </datafield>
  <datafield tag="653" ind1=" " ind2=" ">
    <subfield code="a">Secreci&#xF3;n</subfield>
  </datafield>
  <datafield tag="653" ind1=" " ind2=" ">
    <subfield code="a">Digesti&#xF3;n: f&#xED;sica / qu&#xED;mica</subfield>
  </datafield>
  <datafield tag="653" ind1=" " ind2=" ">
    <subfield code="a">Absorci&#xF3;n</subfield>
  </datafield>
  <datafield tag="653" ind1=" " ind2=" ">
    <subfield code="a">Estructura general del tubo digestivo</subfield>
  </datafield>
  <datafield tag="653" ind1=" " ind2=" ">
    <subfield code="a">Regulaci&#xF3;n funcional del tubo digestivo</subfield>
  </datafield>
  <datafield tag="700" ind1="1" ind2=" ">
    <subfield code="a">Scacchi, Pablo</subfield>
    <subfield code="9">245</subfield>
  </datafield>
  <datafield tag="700" ind1="1" ind2=" ">
    <subfield code="a">L&#xF3;pez De Luise, Gustavo A.</subfield>
    <subfield code="9">246</subfield>
  </datafield>
  <datafield tag="700" ind1="1" ind2=" ">
    <subfield code="a">Tumilasci, Omar R.</subfield>
    <subfield code="9">247</subfield>
  </datafield>
  <datafield tag="700" ind1="1" ind2=" ">
    <subfield code="a">L&#xF3;pez Gast&#xF3;n, Alberto</subfield>
    <subfield code="9">248</subfield>
  </datafield>
  <datafield tag="930" ind1=" " ind2=" ">
    <subfield code="a">247</subfield>
  </datafield>
  <datafield tag="930" ind1=" " ind2=" ">
    <subfield code="a">1820</subfield>
  </datafield>
  <datafield tag="930" ind1=" " ind2=" ">
    <subfield code="a">1948</subfield>
  </datafield>
  <datafield tag="942" ind1=" " ind2=" ">
    <subfield code="2">ddc</subfield>
    <subfield code="c">BK</subfield>
  </datafield>
  <datafield tag="999" ind1=" " ind2=" ">
    <subfield code="c">173</subfield>
    <subfield code="d">173</subfield>
  </datafield>
  <datafield tag="952" ind1=" " ind2=" ">
    <subfield code="0">0</subfield>
    <subfield code="1">0</subfield>
    <subfield code="2">ddc</subfield>
    <subfield code="4">0</subfield>
    <subfield code="7">0</subfield>
    <subfield code="a">BFM</subfield>
    <subfield code="b">BFM</subfield>
    <subfield code="c">CR</subfield>
    <subfield code="d">2011-05-13</subfield>
    <subfield code="l">3</subfield>
    <subfield code="o">612.3 25 FIS</subfield>
    <subfield code="p">247</subfield>
    <subfield code="r">2014-11-06</subfield>
    <subfield code="s">2013-09-11</subfield>
    <subfield code="t">ej.3</subfield>
    <subfield code="w">2011-05-13</subfield>
    <subfield code="y">BK</subfield>
  </datafield>
  <datafield tag="952" ind1=" " ind2=" ">
    <subfield code="0">0</subfield>
    <subfield code="1">0</subfield>
    <subfield code="2">ddc</subfield>
    <subfield code="4">0</subfield>
    <subfield code="7">0</subfield>
    <subfield code="a">BFM</subfield>
    <subfield code="b">BFM</subfield>
    <subfield code="c">CR</subfield>
    <subfield code="d">2011-05-13</subfield>
    <subfield code="l">1</subfield>
    <subfield code="o">612.3 25 FIS</subfield>
    <subfield code="p">1820</subfield>
    <subfield code="r">2014-11-06</subfield>
    <subfield code="s">2013-05-06</subfield>
    <subfield code="t">ej.4</subfield>
    <subfield code="w">2011-05-13</subfield>
    <subfield code="y">BK</subfield>
  </datafield>
  <datafield tag="952" ind1=" " ind2=" ">
    <subfield code="0">0</subfield>
    <subfield code="1">0</subfield>
    <subfield code="2">ddc</subfield>
    <subfield code="4">0</subfield>
    <subfield code="7">0</subfield>
    <subfield code="a">BFM</subfield>
    <subfield code="b">BFM</subfield>
    <subfield code="c">CR</subfield>
    <subfield code="d">2011-05-13</subfield>
    <subfield code="l">6</subfield>
    <subfield code="o">612.3 25 FIS</subfield>
    <subfield code="p">1948</subfield>
    <subfield code="r">2025-10-20</subfield>
    <subfield code="s">2025-10-13</subfield>
    <subfield code="t">ej.5</subfield>
    <subfield code="w">2011-05-13</subfield>
    <subfield code="y">BK</subfield>
  </datafield>
</record>
